[Event "ODJM B 2017"]
[Site "Willingen GER"]
[Date "2017.06.05"]
[Round "3"]
[White "Haase, Dominik"]
[Black "Reyher, Susan"]
[Result "0-1"]
[Termination "normal"]
[Board "1"]
[WhiteElo "1468"]
[BlackElo "1715"]
[WhiteClock "00:29:21"]
[BlackClock "01:21:15"]
[PlyCount "110"]
[WhiteFideId "16208781"]
[BlackFideId "24686107"]
[EventCountry "GER"]
[EventRounds "9"]
[EventType "swiss"]
[EventDate "2017.06.03"]

1. d4 d5 2. c4 dxc4 3. Nf3 Nf6 4. Nc3 e6 5. e3 a6 6. Bxc4 b5 7. Be2 Bb7 8. a3
c5 9. dxc5 Qxd1+ 10. Bxd1 Bxc5 11. b4 Be7 12. O-O O-O 13. Nd4 Nc6 14. Nce2 Ne5
15. Ng3 Nc4 16. Be2 Rac8 17. Bxc4 Rxc4 18. Bb2 Nd5 19. Ne4 Rfc8 20. Nd2 R4c7
21. h3 e5 22. N4f3 f6 23. Rac1 Rc2 24. Rxc2 Rxc2 25. Bc1 Nc3 26. Nb3 Bd5 27.
Nfd2 Na2 28. Rd1 Bxb3 29. Nxb3 Rc3 30. Rd2 Nxc1 31. Nxc1 Rxc1+ 32. Kh2 Rc3 33.
Ra2 a5 34. Kg3 axb4 35. axb4 Bxb4 36. Rb2 Rc4 37. Kf3 Kf7 38. Ke2 Ke6 39. f3
Kd5 40. g3 Kc5 41. Ra2 Kb6 42. Ra8 Rc7 43. Rb8+ Rb7 44. Rc8 Bc5 45. e4 b4 46.
Rd8 b3 47. Kd2 b2 48. Kc2 Bd4 49. Kb1 Kb5 50. Rc8 Kb4 51. g4 Kb3 52. h4 Rb4 53.
h5 Ra4 54. Rb8+ Kc4 55. Rc8+ Kd3 0-1

[Event "ODJM B 2017"]
[Site "Willingen GER"]
[Date "2017.06.05"]
[Round "3"]
[White "Thorz, Maximilian"]
[Black "Leßmann, Sönke"]
[Result "1/2-1/2"]
[Termination "normal"]
[Board "2"]
[WhiteElo "1596"]
[BlackElo "1557"]
[WhiteClock "01:22:45"]
[BlackClock "00:19:52"]
[PlyCount "88"]
[WhiteFideId "16220668"]
[BlackFideId "16222520"]
[EventCountry "GER"]
[EventRounds "9"]
[EventType "swiss"]
[EventDate "2017.06.03"]

1. d4 Nf6 2. c4 e6 3. Nc3 Bb4 4. e3 O-O 5. Bd3 b6 6. f3 d5 7. Nge2 Ba6 8. cxd5
Bxd3 9. Qxd3 exd5 10. a3 Bxc3+ 11. Nxc3 Re8 12. O-O Nbd7 13. b4 a5 14. bxa5
Rxa5 15. Bd2 Ra8 16. Qf5 Nf8 17. Rfd1 Ne6 18. Be1 Qd7 19. Bf2 Nf8 20. Qxd7
N8xd7 21. Kf1 Ra5 22. Rdb1 Rea8 23. a4 Kf8 24. Rb5 c6 25. Rxa5 Rxa5 26. Rb1 Ra8
27. Bg3 Ke7 28. Ke2 Ke6 29. Bc7 Ra6 30. g4 Ne8 31. Bg3 Nd6 32. e4 dxe4 33. fxe4
f6 34. Bf2 c5 35. dxc5 Nxc5 36. Bxc5 bxc5 37. Rb8 Ke5 38. Ke3 Ra7 39. Rb1 g6
40. Rd1 Nc4+ 41. Kf3 Nb6 42. Ra1 Ra8 43. a5 Nc4 44. a6 Nd6 1/2-1/2

[Event "ODJM B 2017"]
[Site "Willingen GER"]
[Date "2017.06.05"]
[Round "3"]
[White "Schilay, Maria"]
[Black "Rautenberg, Jakob"]
[Result "1-0"]
[Termination "normal"]
[Board "3"]
[WhiteElo "1322"]
[BlackElo "1695"]
[WhiteClock "00:26:51"]
[BlackClock "00:56:33"]
[PlyCount "51"]
[WhiteFideId "12942979"]
[BlackFideId "16214749"]
[EventCountry "GER"]
[EventRounds "9"]
[EventType "swiss"]
[EventDate "2017.06.03"]

1. e4 e5 2. Nf3 Nc6 3. Nc3 Nf6 4. a3 a6 5. d4 exd4 6. Nxd4 Ne5 7. f4 Ng6 8. e5
Qe7 9. Qe2 Ng8 10. Bd2 d6 11. Nd5 Qd8 12. exd6+ Kd7 13. dxc7 Qe8 14. Qxe8+ Kxe8
15. O-O-O Bc5 16. Nb3 Ba7 17. Re1+ Kd7 18. Bc3 f6 19. g3 N8e7 20. Bh3+ Kd6 21.
Nxe7 Nxe7 22. Bb4+ Kc6 23. Bg2+ Nd5 24. c4 Kxc7 25. Bxd5 Bd7 26. Re7 1-0

[Event "ODJM B 2017"]
[Site "Willingen GER"]
[Date "2017.06.05"]
[Round "3"]
[White "Neppert, Paul"]
[Black "Schulter, Moritz"]
[Result "1/2-1/2"]
[Termination "normal"]
[Board "4"]
[WhiteElo "1598"]
[BlackElo "1324"]
[WhiteClock "00:29:59"]
[BlackClock "00:34:01"]
[PlyCount "93"]
[WhiteFideId "16219414"]
[BlackFideId "16245067"]
[EventCountry "GER"]
[EventRounds "9"]
[EventType "swiss"]
[EventDate "2017.06.03"]

1. e4 e5 2. Nf3 Nc6 3. Bc4 Bc5 4. d3 Nf6 5. Be3 Bb6 6. Nc3 O-O 7. Qd2 d6 8.
O-O-O Be6 9. Bb3 Bxe3 10. fxe3 a6 11. h3 Na5 12. Bxe6 fxe6 13. Rdf1 Nc6 14. g4
Nd7 15. h4 Rf7 16. g5 Qe7 17. g6 hxg6 18. Qg2 Rf6 19. h5 gxh5 20. Rxh5 Raf8 21.
Rh3 Nb6 22. Rg3 Rh6 23. Rg1 Rf7 24. Ng5 Rff6 25. Nf3 Rf7 26. Nd1 Kf8 27. Ng5
Rff6 28. Nf2 Rh8 29. Ng4 Rg6 30. Rf1+ Ke8 31. Nf3 Nd7 32. Nd2 Rg8 33. a3 Nf6
34. Nxf6+ Rxf6 35. Rxf6 Qxf6 36. Rg6 Qh4 37. Nf3 Qe7 38. Qg4 Nd8 39. Ng5 Kd7
40. d4 exd4 41. exd4 Rf8 42. Nxe6 Nxe6 43. d5 Kd8 44. Qxe6 Qxe6 45. Rxe6 Rf6
46. Rxf6 gxf6 47. c4 1/2-1/2

[Event "ODJM B 2017"]
[Site "Willingen GER"]
[Date "2017.06.05"]
[Round "3"]
[White "Schulze, Lukas"]
[Black "Ebeling, Gereon"]
[Result "1-0"]
[Termination "normal"]
[Board "5"]
[WhiteElo "1408"]
[BlackElo "1358"]
[WhiteClock "00:21:02"]
[BlackClock "00:00:49"]
[PlyCount "67"]
[WhiteFideId "12956856"]
[BlackFideId "16223160"]
[EventCountry "GER"]
[EventRounds "9"]
[EventType "swiss"]
[EventDate "2017.06.03"]

1. Nf3 d5 2. c4 c6 3. d4 Nf6 4. Nc3 e6 5. g3 dxc4 6. Ne5 Nbd7 7. Nxc4 Nd5 8.
Bg2 Bb4 9. Qb3 N7b6 10. O-O Qe7 11. Ne4 O-O 12. a3 Nxc4 13. Qxc4 Ba5 14. Nc5
Bb6 15. Na4 Qf6 16. e4 Ne7 17. e5 Qg6 18. Nc3 f5 19. exf6 Qxf6 20. Ne2 Nd5 21.
Be3 Bd7 22. Rad1 Rf7 23. Nf4 Raf8 24. Rfe1 Nxf4 25. Bxf4 h5 26. h4 Qe7 27. Bh3
Kh8 28. Bxe6 Rxf4 29. gxf4 Rxf4 30. Bxd7 Qxd7 31. Qe6 Rg4+ 32. Kf1 Qc7 33. Qe8+
Kh7 34. Qxh5+ 1-0

[Event "ODJM B 2017"]
[Site "Willingen GER"]
[Date "2017.06.05"]
[Round "3"]
[White "Langer, Paul Georg"]
[Black "Strohschneider, Leon"]
[Result "0-1"]
[Termination "normal"]
[Board "6"]
[WhiteElo "1414"]
[BlackElo "1302"]
[WhiteClock "00:35:13"]
[BlackClock "00:58:51"]
[PlyCount "78"]
[WhiteFideId "16230051"]
[BlackFideId "16211634"]
[EventCountry "GER"]
[EventRounds "9"]
[EventType "swiss"]
[EventDate "2017.06.03"]

1. e4 d5 2. exd5 Qxd5 3. Nc3 Qd8 4. d4 Nf6 5. Nf3 Bg4 6. h3 Bh5 7. g4 Bg6 8.
Ne5 e6 9. Bg2 Qc8 10. h4 Bb4 11. Bd2 Bxc3 12. Nxg6 Bxd2+ 13. Qxd2 hxg6 14. g5
Nfd7 15. O-O-O c6 16. Rde1 Kf8 17. Qf4 Nb6 18. Be4 Nd5 19. Qf3 Ne7 20. Rh3 Qd7
21. Reh1 Qxd4 22. Rd1 Qb6 23. Qd3 Na6 24. Qd2 Ke8 25. Qd7+ Kf8 26. Rb3 Nc5 27.
Rxb6 Nxd7 28. Rb4 Nb6 29. Rbd4 Ke8 30. Rh1 Rd8 31. Rd2 Rxd2 32. Kxd2 Nc4+ 33.
Kc3 Ne5 34. b4 Nd5+ 35. Kb3 Ng4 36. f3 Nge3 37. Rh2 Ke7 38. c4 Nc7 39. Re2 Nf5
0-1

[Event "ODJM B 2017"]
[Site "Willingen GER"]
[Date "2017.06.05"]
[Round "3"]
[White "Grone, Lion"]
[Black "Ljuca, Semir"]
[Result "1/2-1/2"]
[Termination "normal"]
[Board "7"]
[WhiteElo "1545"]
[BlackElo "1263"]
[PlyCount "40"]
[WhiteFideId "16245032"]
[BlackFideId "16216130"]
[EventCountry "GER"]
[EventRounds "9"]
[EventType "swiss"]
[EventDate "2017.06.03"]

1. e4 c5 2. Nf3 d6 3. Bb5+ Bd7 4. Bxd7+ Nxd7 5. O-O Ngf6 6. Re1 e6 7. c3 Be7 8.
d4 cxd4 9. cxd4 d5 10. e5 Ne4 11. Nbd2 Nxd2 12. Bxd2 O-O 13. Rc1 Qb6 14. Rc2
Rac8 15. Bc3 Rc6 16. Qd2 Rfc8 17. a3 Qc7 18. Qe2 Bxa3 19. Rd2 Be7 20. Ra1 Ra8
1/2-1/2

[Event "ODJM B 2017"]
[Site "Willingen GER"]
[Date "2017.06.05"]
[Round "3"]
[White "Lorenz, Keana"]
[Black "Ding, Zheheng"]
[Result "0-1"]
[Termination "normal"]
[Board "8"]
[WhiteElo "1270"]
[BlackElo "1800"]
[PlyCount "94"]
[WhiteFideId "12990248"]
[BlackFideId "16240413"]
[EventCountry "GER"]
[EventRounds "9"]
[EventType "swiss"]
[EventDate "2017.06.03"]

1. Nf3 Nf6 2. b3 g6 3. Bb2 Bg7 4. e3 d6 5. Bd3 e5 6. e4 O-O 7. O-O Nc6 8. Re1
Nd7 9. Nc3 f5 10. Bc4+ Kh8 11. d3 Nb6 12. Ne2 Nxc4 13. bxc4 fxe4 14. dxe4 b6
15. Nc3 Bg4 16. Qd3 Bxf3 17. gxf3 Nd4 18. Re3 Bh6 19. f4 Bxf4 20. Rh3 c6 21.
Kh1 Qf6 22. Rg1 Bxh2 23. Kxh2 Nf3+ 24. Rxf3 Qxf3 25. Qxf3 Rxf3 26. Kg2 Raf8 27.
Rf1 h5 28. Nd1 h4 29. Rh1 g5 30. Bc1 R3f6 31. Bxg5 Rg6 32. Rxh4+ Kg7 33. Rh5
Rh8 34. Rxh8 Rxg5+ 35. Kf3 Kxh8 36. Ke3 Rg4 37. f3 Rh4 38. Nc3 Kg7 39. a3 a6
40. a4 Kf6 41. Na2 a5 42. c3 Rh1 43. Kd2 Kg5 44. Nc1 Rxc1 45. Kxc1 Kf4 46. Kd2
Kxf3 47. Kd3 c5 0-1

[Event "ODJM B 2017"]
[Site "Willingen GER"]
[Date "2017.06.05"]
[Round "3"]
[White "Reuker, Ronja"]
[Black "Frank, Carolin"]
[Result "0-1"]
[Termination "time forfeit"]
[Board "9"]
[WhiteElo "1331"]
[BlackElo "1487"]
[PlyCount "76"]
[WhiteFideId "12947172"]
[BlackFideId "16207190"]
[EventCountry "GER"]
[EventRounds "9"]
[EventType "swiss"]
[EventDate "2017.06.03"]

1. e4 d5 2. exd5 Qxd5 3. Nc3 Qa5 4. d4 c6 5. Bc4 Nf6 6. Qe2 Bf5 7. Bd2 Qc7 8.
O-O-O e6 9. Nf3 Nbd7 10. Ne5 Bd6 11. f4 Bxe5 12. dxe5 Bg4 13. Qd3 Bxd1 14. exf6
Bg4 15. fxg7 Rg8 16. Qxh7 O-O-O 17. h4 Nf6 18. Qh6 Ne8 19. Ne4 Rxg7 20. h5 Bf5
21. Ng5 Rxd2 22. Kxd2 Qxf4+ 23. Kd1 Bg4+ 24. Be2 Bxe2+ 25. Kxe2 Qxg5 26. Qxg5
Rxg5 27. Kf3 Rg8 28. h6 Nf6 29. g4 Nh7 30. Rh4 f6 31. Kf4 Kd7 32. Rh5 Ke7 33.
c3 Kf7 34. Ra5 a6 35. Rh5 Kg6 36. b4 Rh8 37. Rh1 Ng5 38. Rd1 e5+ 0-1

[Event "ODJM B 2017"]
[Site "Willingen GER"]
[Date "2017.06.05"]
[Round "3"]
[White "Roth, Ludwig"]
[Black "Eichstaedt, Ina"]
[Result "1-0"]
[Termination "normal"]
[Board "10"]
[WhiteElo "1425"]
[BlackElo "1215"]
[PlyCount "79"]
[WhiteFideId "12952621"]
[BlackFideId "1270265"]
[EventCountry "GER"]
[EventRounds "9"]
[EventType "swiss"]
[EventDate "2017.06.03"]

1. e4 e5 2. Nf3 Nc6 3. Bc4 h6 4. O-O Nf6 5. Nc3 Bb4 6. d3 Bxc3 7. bxc3 d6 8.
Rb1 O-O 9. Ba3 b6 10. Re1 Na5 11. Bb3 Nxb3 12. cxb3 Bb7 13. Qc2 Re8 14. Rbd1 c5
15. Nd2 Qc7 16. Nf1 Rad8 17. Ng3 g6 18. Bc1 Kg7 19. f4 exf4 20. Bxf4 Ng4 21.
Qe2 Ne5 22. d4 Nc6 23. Qg4 Bc8 24. Qh4 Rh8 25. d5 Qe7 26. Qxe7 Nxe7 27. e5 dxe5
28. Bxe5+ f6 29. Bc7 Rd7 30. d6 Nc6 31. Ne2 Re8 32. Nf4 Rxe1+ 33. Rxe1 Ne5 34.
Re4 Kf7 35. Ra4 Nc6 36. b4 cxb4 37. cxb4 b5 38. Ra3 a6 39. Nd5 Ke6 40. Nb6 1-0

[Event "ODJM B 2017"]
[Site "Willingen GER"]
[Date "2017.06.05"]
[Round "3"]
[White "von der Weyden, Louis"]
[Black "Youness, Fatima"]
[Result "0-1"]
[Termination "normal"]
[Board "11"]
[WhiteElo "1366"]
[BlackElo "1493"]
[PlyCount "62"]
[WhiteFideId "16207050"]
[BlackFideId "16214404"]
[EventCountry "GER"]
[EventRounds "9"]
[EventType "swiss"]
[EventDate "2017.06.03"]

1. c4 e5 2. Nc3 Nc6 3. g3 Nf6 4. Bg2 Bc5 5. e3 d6 6. Nge2 O-O 7. O-O Re8 8. d4
exd4 9. exd4 Bb4 10. a3 Bxc3 11. Nxc3 Bf5 12. b4 Ne4 13. Bb2 Rb8 14. b5 Na5 15.
Qd3 Nxc3 16. Qxc3 b6 17. Rac1 Qf6 18. Qb4 Qg6 19. Qa4 Be4 20. f3 Bd3 21. Rfd1
Re2 22. Bf1 Re3 23. Rc3 Bf5 24. Rd2 Re1 25. Kf2 Re7 26. Rc1 Qh6 27. f4 Qxh2+
28. Bg2 Rbe8 29. Qd1 Bh3 30. Qf3 Qxg2+ 31. Qxg2 Bxg2 0-1

[Event "ODJM B 2017"]
[Site "Willingen GER"]
[Date "2017.06.05"]
[Round "3"]
[White "Winterberg, Martin"]
[Black "Götz, Timon"]
[Result "0-1"]
[Termination "normal"]
[Board "12"]
[WhiteElo "1207"]
[BlackElo "1385"]
[PlyCount "68"]
[WhiteFideId "16245091"]
[BlackFideId "16245040"]
[EventCountry "GER"]
[EventRounds "9"]
[EventType "swiss"]
[EventDate "2017.06.03"]

1. e4 c5 2. d4 cxd4 3. c3 dxc3 4. Nxc3 a6 5. Bc4 e6 6. Nf3 b5 7. Bb3 Nc6 8. O-O
Bb7 9. Qe2 Qc7 10. Nd5 exd5 11. exd5+ Nce7 12. Ng5 d6 13. Re1 Nf6 14. Bf4 h6
15. Nxf7 Kxf7 16. Qe6+ Ke8 17. Bxd6 Qd7 18. Bxe7 Qxe6 19. Rxe6 Bxe7 20. d6 Nd5
21. dxe7 Kd7 22. Re5 Kd6 23. Rae1 Rhe8 24. Re6+ Kd7 25. Bxd5 Bxd5 26. R6e5 Kd6
27. f4 Bc6 28. Rd1+ Kc7 29. Re6 Rac8 30. Rc1 Kd7 31. f5 Rxe7 32. Rd1+ Ke8 33.
Rdd6 Rxe6 34. fxe6 Ke7 0-1

[Event "ODJM B 2017"]
[Site "Willingen GER"]
[Date "2017.06.05"]
[Round "3"]
[White "Wirth, Tobias"]
[Black "Senechal, Niklas Bennett"]
[Result "1-0"]
[Termination "normal"]
[Board "13"]
[WhiteElo "1383"]
[BlackElo "1399"]
[PlyCount "53"]
[WhiteFideId "16230213"]
[BlackFideId "16231180"]
[EventCountry "GER"]
[EventRounds "9"]
[EventType "swiss"]
[EventDate "2017.06.03"]

1. Nf3 Nc6 2. g3 e5 3. d3 d5 4. Bg2 f5 5. O-O Bd7 6. Nbd2 e4 7. Ne1 g5 8. c4
exd3 9. cxd5 dxe2 10. Qxe2+ Nce7 11. Nb3 a6 12. a4 h6 13. Qh5+ Ng6 14. Qxg6+
Ke7 15. Qh5 Kf6 16. Bxg5+ hxg5 17. Qxh8+ Bg7 18. Qh5 Nh6 19. Rd1 Qe7 20. Nd3
Rh8 21. Ndc5 Bc8 22. Rfe1 Qd6 23. Nxb7 Qb4 24. N7c5 f4 25. Re4 Qb6 26. Qe2 Ng4
27. h3 1-0

[Event "ODJM B 2017"]
[Site "Willingen GER"]
[Date "2017.06.05"]
[Round "3"]
[White "Lohrmann, Linus"]
[Black "Hapke, Lara"]
[Result "1-0"]
[Termination "normal"]
[Board "15"]
[WhiteElo "1422"]
[BlackElo "1347"]
[PlyCount "81"]
[WhiteFideId "12982857"]
[BlackFideId "12996572"]
[EventCountry "GER"]
[EventRounds "9"]
[EventType "swiss"]
[EventDate "2017.06.03"]

1. e4 e5 2. Nf3 Nc6 3. d4 exd4 4. Bc4 Bb4+ 5. c3 dxc3 6. Nxc3 Nge7 7. O-O O-O
8. a3 Bxc3 9. bxc3 h6 10. Nd4 d6 11. Qf3 Ng6 12. Qg3 Nce5 13. Bb3 Qf6 14. f4
Nc6 15. e5 dxe5 16. fxe5 Qxe5 17. Qxg6 Nxd4 18. Bxf7+ Kh8 19. Bb2 Bf5 20. Qh5
Qe3+ 21. Kh1 Bd3 22. Bc1 Qe4 23. Rg1 Ne2 24. Rd1 Nf4 25. Bxf4 Qxf4 26. Rxd3
Qxf7 27. Qd1 Rae8 28. h3 Re6 29. Rd7 Qf2 30. Qg4 Rg8 31. Qxe6 Qb2 32. Ra2 Qc1+
33. Kh2 Qf4+ 34. g3 Qf1 35. Qf7 Qb1 36. Rxc7 a6 37. Rxb7 Qe4 38. Rab2 Qa4 39.
Rb8 Rxb8 40. Rxb8+ Kh7 41. Qf5+ 1-0

[Event "ODJM B 2017"]
[Site "Willingen GER"]
[Date "2017.06.05"]
[Round "3"]
[White "Chouiki, Tarek"]
[Black "Wagner, Margarethe"]
[Result "0-1"]
[Termination "normal"]
[Board "16"]
[WhiteElo "1181"]
[BlackElo "1293"]
[PlyCount "112"]
[WhiteFideId "16212266"]
[BlackFideId "16236947"]
[EventCountry "GER"]
[EventRounds "9"]
[EventType "swiss"]
[EventDate "2017.06.03"]

1. e4 c5 2. Nf3 Nc6 3. Bb5 g6 4. O-O Bg7 5. c3 e5 6. Bxc6 bxc6 7. d4 cxd4 8.
cxd4 exd4 9. Nxd4 Ne7 10. Nc3 O-O 11. Re1 Re8 12. Be3 Qc7 13. Rc1 a6 14. Qb3
Rb8 15. Qc4 Be5 16. g3 Rxb2 17. Bg5 Rb7 18. f4 Bxd4+ 19. Qxd4 Qb6 20. Qxb6 Rxb6
21. f5 Bb7 22. Rcd1 c5 23. Rxd7 Nxf5 24. Rd8 Rxd8 25. Bxd8 Re6 26. g4 Nd4 27.
Rb1 Bxe4 28. Nxe4 Rxe4 29. Bf6 Rxg4+ 30. Kh1 Nb5 31. Rc1 Rf4 32. Be7 c4 33. a4
Na7 34. Rd1 Nc6 35. Bg5 Rg4 36. Rd6 Rxg5 37. Rxc6 Rg4 38. Rxa6 c3 39. Rc6 Rxa4
40. Rxc3 Ra2 41. h3 Kg7 42. Rg3 f5 43. Rg2 Rxg2 44. Kxg2 Kf6 45. Kf3 g5 46. Kg3
Ke5 47. Kf3 h5 48. Ke3 g4 49. hxg4 hxg4 50. Kf2 f4 51. Kg1 Ke4 52. Kf2 g3+ 53.
Kg1 f3 54. Kf1 Ke3 55. Ke1 f2+ 56. Kf1 g2+ 0-1

[Event "ODJM B 2017"]
[Site "Willingen GER"]
[Date "2017.06.05"]
[Round "3"]
[White "Guo, Philipp Ziming"]
[Black "Bayer, Oliver"]
[Result "0-1"]
[Termination "normal"]
[Board "17"]
[WhiteElo "1070"]
[BlackElo "1284"]
[PlyCount "120"]
[WhiteFideId "16245199"]
[BlackFideId "16243978"]
[EventCountry "GER"]
[EventRounds "9"]
[EventType "swiss"]
[EventDate "2017.06.03"]

1. e4 e5 2. Nf3 Nc6 3. Bc4 Nf6 4. d3 Bc5 5. Bg5 h6 6. Bh4 d6 7. h3 Be6 8. Bb3
a6 9. Nc3 Bb4 10. O-O Bxc3 11. bxc3 O-O 12. d4 Bxb3 13. axb3 g5 14. Bg3 Nxe4
15. Qd3 Nxg3 16. fxg3 f5 17. Qe2 Qe8 18. d5 Ne7 19. c4 Ng6 20. Nh2 e4 21. g4 f4
22. Rae1 e3 23. Rf3 Qe4 24. g3 Rae8 25. Nf1 Ne5 26. Nd2 Nxf3+ 27. Nxf3 fxg3 28.
Kg2 Rf7 29. Kxg3 Ref8 30. Rf1 c6 31. dxc6 bxc6 32. Nh2 Rxf1 33. Nxf1 Qf4+ 34.
Kg2 Qf2+ 35. Qxf2 Rxf2+ 36. Kg1 Rxc2 37. Nxe3 Rc3 38. Nf5 Rxh3 39. Kg2 Rxb3 40.
Nxd6 a5 41. Ne4 a4 42. Nc5 Rb2+ 43. Kf3 a3 44. Na4 Rb3+ 45. Ke4 a2 46. Nc5 a1=Q
47. Nxb3 Qb1+ 48. Kd4 Qxb3 49. c5 Qd5+ 50. Kc3 Qe4 51. Kb3 Kf7 52. Kc3 Ke6 53.
Kb3 Kd5 54. Kc3 Qc4+ 55. Kd2 Qb3 56. Ke2 Ke4 57. Kf2 Qf3+ 58. Ke1 Qg2 59. Kd1
Kd3 60. Ke1 Qe2# 0-1

[Event "ODJM B 2017"]
[Site "Willingen GER"]
[Date "2017.06.05"]
[Round "3"]
[White "Abicht, Aruna Sophia"]
[Black "Kiefhaber, Tobias"]
[Result "1-0"]
[Termination "normal"]
[Board "18"]
[WhiteElo "1281"]
[BlackElo "1093"]
[PlyCount "37"]
[BlackFideId "16240693"]
[EventCountry "GER"]
[EventRounds "9"]
[EventType "swiss"]
[EventDate "2017.06.03"]

1. e4 c6 2. d3 d5 3. Nd2 g6 4. g3 Bg7 5. Bg2 Nf6 6. Ngf3 O-O 7. O-O Nbd7 8. Nh4
Nc5 9. f4 Bg4 10. Qe1 Qb6 11. Kh1 Rad8 12. f5 dxe4 13. dxe4 e6 14. e5 Nfd7 15.
f6 Bh6 16. Nc4 Qa6 17. Bxh6 Qxc4 18. Bxf8 Nxf8 19. Qe3 1-0

[Event "ODJM B 2017"]
[Site "Willingen GER"]
[Date "2017.06.05"]
[Round "3"]
[White "Duong, Nhat-Minh"]
[Black "Borgmann, Simon"]
[Result "0-1"]
[Termination "normal"]
[Board "20"]
[WhiteElo "936"]
[BlackElo "1647"]
[PlyCount "126"]
[WhiteFideId "16245261"]
[BlackFideId "16234677"]
[EventCountry "GER"]
[EventRounds "9"]
[EventType "swiss"]
[EventDate "2017.06.03"]

1. e4 e5 2. Nf3 Nc6 3. Nc3 Nf6 4. Bc4 Bb4 5. a3 Be7 6. O-O O-O 7. d4 exd4 8.
Nxd4 Ne5 9. Ba2 d6 10. Re1 h6 11. Bf4 Ng6 12. Bg3 Nh7 13. h3 Bf6 14. f4 Bh4 15.
Bxh4 Qxh4 16. Nce2 Nxf4 17. Nxf4 Qxf4 18. Bb1 Ng5 19. c3 Qg3 20. Kf1 Nxh3 21.
gxh3 Bxh3+ 22. Ke2 Bg4+ 23. Kd2 Bxd1 24. Kxd1 Rfe8 25. Ne2 Qf2 26. Bd3 Rad8 27.
c4 c6 28. Kc2 d5 29. exd5 cxd5 30. cxd5 Rxd5 31. Rad1 Red8 32. Rf1 Qc5+ 33. Nc3
R5d7 34. Rd2 g6 35. Rh1 Qe3 36. Rhd1 h5 37. Ne4 Kg7 38. Nf2 Qc5+ 39. Kb1 Qb6
40. Rc1 Rc7 41. Rf1 Rc6 42. Ka2 Rf6 43. b3 Rxd3 44. Rxd3 Rxf2+ 45. Rxf2 Qxf2+
46. Kb1 h4 47. Kc1 h3 48. Rd2 Qxd2+ 49. Kxd2 h2 50. Kc3 h1=Q 51. b4 Qd5 52. a4
Kf6 53. b5 Ke5 54. Kb4 b6 55. a5 Qd4+ 56. Kb3 Qc5 57. axb6 axb6 58. Kb2 Kd4 59.
Kb3 Qc4+ 60. Kb2 Qd3 61. Ka1 Qxb5 62. Ka2 Kc3 63. Ka1 Qb2# 0-1

[Event "ODJM B 2017"]
[Site "Willingen GER"]
[Date "2017.06.05"]
[Round "3"]
[White "Bakalarz, Adrian"]
[Black "Hoffmann, Kay"]
[Result "1/2-1/2"]
[Termination "normal"]
[Board "21"]
[WhiteElo "1039"]
[BlackElo "1059"]
[PlyCount "47"]
[WhiteFideId "12955809"]
[BlackFideId "16227000"]
[EventCountry "GER"]
[EventRounds "9"]
[EventType "swiss"]
[EventDate "2017.06.03"]

1. e4 d5 2. exd5 Qxd5 3. Nc3 Qa5 4. d4 c6 5. Bc4 Nf6 6. Nge2 Bf5 7. O-O e6 8.
Bf4 Qd8 9. h3 Bd6 10. Bxd6 Qxd6 11. Ng3 Bg6 12. h4 h6 13. Bd3 Bxd3 14. Qxd3 O-O
15. Nce4 Nxe4 16. Nxe4 Qe7 17. g3 Nd7 18. c4 Nf6 19. Qf3 Nxe4 20. Qxe4 Qd6 21.
Rfd1 Rfd8 22. Rd2 Rd7 23. Rad1 Rad8 24. b3 1/2-1/2

[Event "ODJM B 2017"]
[Site "Willingen GER"]
[Date "2017.06.05"]
[Round "3"]
[White "Schönweiler, Elisabeth"]
[Black "Bräutigam, Alexander"]
[Result "1-0"]
[Termination "normal"]
[Board "22"]
[WhiteElo "1341"]
[BlackElo "1039"]
[PlyCount "157"]
[WhiteFideId "12997005"]
[BlackFideId "16245210"]
[EventCountry "GER"]
[EventRounds "9"]
[EventType "swiss"]
[EventDate "2017.06.03"]

1. e4 c5 2. Nc3 Nc6 3. f4 d6 4. Nf3 Nf6 5. d3 g6 6. g3 Bg7 7. Bg2 O-O 8. O-O
Bd7 9. Bd2 e6 10. Re1 Qb6 11. Qc1 Rfe8 12. Kh1 d5 13. e5 Ng4 14. h3 Nh6 15. Kh2
Nf5 16. Nd1 Ncd4 17. c3 Nxf3+ 18. Bxf3 Bb5 19. Nf2 Qa6 20. Qc2 d4 21. c4 Bc6
22. Bxc6 Qxc6 23. Ne4 Qc7 24. b3 b6 25. Re2 a6 26. a4 a5 27. Rf1 Ra7 28. Rff2
Rb7 29. Rf1 Rd8 30. Rff2 h6 31. Rf1 Kh7 32. g4 Ne7 33. Nd6 Rbb8 34. Nxf7 Rf8
35. Nd6 Nc6 36. Ree1 Nxe5 37. Nb5 Qc6 38. fxe5 Bxe5+ 39. Kg1 Rxf1+ 40. Rxf1 Re8
41. Bf4 Bxf4 42. Rxf4 Qd7 43. Qf2 Re7 44. Qf1 Rg7 45. Rf2 Qe7 46. Qe2 Qh4 47.
Kg2 Qe7 48. Qe5 Qb7+ 49. Kg1 Qe7 50. Rf6 Rf7 51. Rxf7+ Qxf7 52. Qc7 Qxc7 53.
Nxc7 e5 54. Nd5 e4 55. dxe4 d3 56. Kf2 d2 57. Ke2 Kg7 58. Kxd2 Kf7 59. Ke3 Ke6
60. Nxb6 g5 61. Nd5 Ke5 62. Nc3 Kf6 63. Ne2 Ke5 64. Ng3 Ke6 65. Nf5 Ke5 66.
Nxh6 Kf6 67. Nf5 Ke5 68. h4 gxh4 69. Nxh4 Ke6 70. g5 Kf7 71. g6+ Kg7 72. Kf4
Kf6 73. e5+ Ke6 74. g7 Kf7 75. Nf5 Kg8 76. e6 Kh7 77. e7 Kg8 78. e8=Q+ Kh7 79.
g8=Q# 1-0

[Event "ODJM B 2017"]
[Site "Willingen GER"]
[Date "2017.06.05"]
[Round "3"]
[White "Seliokaite, Ana"]
[Black "Frank, Cillian"]
[Result "1-0"]
[Termination "normal"]
[Board "23"]
[WhiteElo "1283"]
[BlackElo "1065"]
[PlyCount "53"]
[WhiteFideId "16224817"]
[BlackFideId "16245202"]
[EventCountry "GER"]
[EventRounds "9"]
[EventType "swiss"]
[EventDate "2017.06.03"]

1. e4 c5 2. d4 cxd4 3. c3 dxc3 4. Nxc3 d6 5. Nf3 e5 6. Bc4 Nf6 7. Ng5 Qc7 8.
Bxf7+ Ke7 9. Bd5 h6 10. Nf3 Be6 11. Bxe6 Kxe6 12. O-O Be7 13. Nh4 Nxe4 14. Qd5+
Kd7 15. Qxe4 Bxh4 16. Qxh4 g5 17. Qg4+ Kd8 18. Qe6 Nc6 19. Nb5 Qd7 20. Qf6+ Qe7
21. Qxh8+ Qe8 22. Qxe8+ Kxe8 23. Nxd6+ Kd7 24. Rd1 Kc7 25. b3 Nd4 26. Ba3 Nc2
27. Rac1 1-0

[Event "ODJM B 2017"]
[Site "Willingen GER"]
[Date "2017.06.05"]
[Round "3"]
[White "Cheredzhiyska, Iva"]
[Black "Kessen, Fanny"]
[Result "1-0"]
[Termination "normal"]
[Board "24"]
[WhiteElo "1091"]
[BlackElo "1213"]
[PlyCount "73"]
[WhiteFideId "16241622"]
[BlackFideId "16217357"]
[EventCountry "GER"]
[EventRounds "9"]
[EventType "swiss"]
[EventDate "2017.06.03"]

1. e4 c5 2. Nf3 Nc6 3. Bc4 g6 4. d3 Bg7 5. c3 d6 6. Be3 a6 7. a4 Qa5 8. Na3 Nf6
9. O-O O-O 10. h3 Bd7 11. Bb3 Qc7 12. Qd2 Na5 13. Bc2 Be6 14. Qd1 Rab8 15. Nd2
d5 16. d4 c4 17. e5 Nd7 18. Rb1 f6 19. f4 Bh6 20. Qe2 Qc6 21. f5 Bxe3+ 22. Qxe3
Bf7 23. e6 Bxe6 24. fxe6 Nb6 25. Qh6 Qxe6 26. Bxg6 hxg6 27. Qxg6+ Kh8 28. Rf5
Qe3+ 29. Kh1 Qe2 30. Rh5+ Qxh5 31. Qxh5+ Kg7 32. Rf1 Rh8 33. Qg4+ Kf7 34. Nf3
Rbg8 35. Ne5+ Ke8 36. Qe6 Nxa4 37. Qc8# 1-0